Datum a čas kvízu
28.5
Celkem bodů
Celkový počet nahraných bodů na tomto kvízu bez doplňovacích otázek.
7.
Pořadí na kvízu
Konečné umístění týmu na tomto kvízu.
Zaznamenané odpovědi
| # | Otázka | Odpověď | Body | Výsledky |
|---|---|---|---|---|
| 1. | Národní park České Švýcarsko z... | rysa ostrovida | 1 | |
| 2. | Bývalý princ Andrew už o svůj... | Princ William | 0 | |
| 3. | Český rozhlas minulý týden ozn... | Libor Bouček | 0 | |
| 4. | Ministryně financí Alena Schil... | Kobra | 1 | |
| 5. | České reprezentantky si v kval... | o basketbal | 0 | |
| 1. | Vítězné téma „vražedně“ těsnéh... | Hercule Poirot | 1 | |
| 2. | Fiktivní detektiv třetí třídy... | Ed McBain, New York | 0.5 | |
| 3. | Přiřaďte autory severských det... | 1C 2B 3D 4A | 0 | |
| 4. | Pán ohně, Čtvrtá oběť, Sál smr... | Peter May, Čína | 0 | |
| 5. | Jednou z nejúspěšnějších český... | Zmizela v mlze (Norsko), Ostrov šedých mnichů (Nizozemsko) | 0 |